Management : tasks, responsibilities, practices

Bibliographic Details
Main Author: Drucker, Peter F. (Author)
Format: Book
Language:English
Published: Oxford, MA : Butterworth-Heinemann 1999
Subjects:

MARC

LEADER 00000cam a2200000 7i4500
001 0000009674
005 20241004.0
008 011018 mau eng
020 |a 0750643897 
040 |a INS   |b eng   |e rda 
090 0 0 |a HD31   |b .D773 1999 
100 1 |a Drucker, Peter F. ,   |e author 
245 1 0 |a Management :   |b tasks, responsibilities, practices   |c Peter F. Drucker 
264 1 |a Oxford, MA :   |b Butterworth-Heinemann   |c 1999 
300 |a 575 pages ;   |c 24 cm. 
336 |a text  |2 rdacontent 
337 |a unmediated  |2 rdamedia 
338 |a volume  |2 rdacarrier 
504 |a Includes bibliographical references and index 
650 0 |a Management 
999 |a 0000008231   |b BOOK   |c Open Shelf   |e Default branch 
999 |a 0000008454   |b BOOK   |c Open Shelf   |e Default branch 
999 |a 0000015234   |b BOOK   |c Open Shelf   |e Default branch